LEADER 01149cam0-22003851i-450- 001 990007134140403321 005 20150220090202.0 035 $a000713414 035 $aFED01000713414 035 $a(Aleph)000713414FED01 035 $a000713414 100 $a20021021d1995----km-y0itay50------ba 101 0 $aita 102 $aIT 105 $ay-------001yy 200 1 $aPolitici e burocrati al governo dell'amministrazione$fa cura di Gaetano D'Auria e Paolo Bellucci 210 $aBologna$cil Mulino$d1995 215 $a266 p.$d21 cm 225 1 $aOrganizzazione e funzionamento della pubblica amministrazione$v66 676 $a353.04$v20$zita 702 1$aBellucci,$bPaolo$f<1953- > 702 1$aD'Auria,$bGaetano 801 0$aIT$bUNINA$gREICAT$2UNIMARC 901 $aBK 912 $a990007134140403321 952 $aCN. 3 (66$b986$fDDCIC 952 $aD-III-57$b8108 dip.$fDDRC 952 $aCOLLEZ. 1275 (66)$b26489$fFSPBC 952 $aVI I 792$b4470$fDDA 959 $aDDA 959 $aDDCIC 959 $aDDRC 959 $aFSPBC 996 $aPolitici e burocrati al governo dell'amministrazione$9703482 997 $aUNINA LEADER 01018nam0-2200349---450- 001 990009577350403321 005 20120529145008.0 010 $a978-88-568-3941-8 035 $a000957735 035 $aFED01000957735 035 $a(Aleph)000957735FED01 035 $a000957735 100 $a20120522d2011----km-y0itay50------ba 101 0 $aita 102 $aIT 105 $a--------001yy 200 1 $a<>valutazione della qualità nei servizi$econcetti e metodi$fSilvio Franco 210 $aMilano$cFrancoAngeli$d2011 215 $a281 p.$ctab.$d20 cm 225 1 $aEconomia$iMonografia$v184 610 0 $aControllo di qualità 610 0 $aServizi al consumatore$aValutazione 676 $a658.4013$v22$zita 676 $a658.812$v22$zita 700 1$aFranco,$bSilvio$084274 801 0$aIT$bUNINA$gRICA$2UNIMARC 901 $aBK 912 $a990009577350403321 952 $a658.4013 FRA 1$b5609$fBFS 959 $aBFS 996 $aValutazione della qualità nei servizi$9243758 997 $aUNINA